Bhashavijnan parichay (Record no. 10836)
[ view plain ]
| 000 -LEADER | |
|---|---|
| fixed length control field | 00495cam a2200205ua 4500 |
| 008 - FIXED-LENGTH DATA ELEMENTS--GENERAL INFORMATION | |
| fixed length control field | 200212n ii |||gr||||Z||||||asm |
| 020 ## - INTERNATIONAL STANDARD BOOK NUMBER | |
| International Standard Book Number | 9788194118831 |
| 040 ## - CATALOGING SOURCE | |
| Transcribing agency | MAIN |
| 041 ## - LANGUAGE CODE | |
| -- | asm |
| 082 ## - DEWEY DECIMAL CLASSIFICATION NUMBER | |
| Classification number | 410 |
| 100 ## - MAIN ENTRY--PERSONAL NAME | |
| Personal name | Mamoni Borah, |
| Relator term | |
| 245 ## - TITLE STATEMENT | |
| Title | Bhashavijnan parichay |
| Statement of responsibility, etc. | By Mamoni Borah |
| 250 ## - EDITION STATEMENT | |
| Edition statement | 1st ed. |
| 260 ## - PUBLICATION, DISTRIBUTION, ETC. | |
| Place of publication, distribution, etc. | Guwahati: |
| Name of publisher, distributor, etc. | JS publications, |
| Date of publication, distribution, etc. | 2019. |
| 300 ## - PHYSICAL DESCRIPTION | |
| Extent | 168p. |
| 700 ## - ADDED ENTRY--PERSONAL NAME | |
| Personal name | Ranjit Hazarika, |
| Relator term | |
| 942 ## - ADDED ENTRY ELEMENTS (KOHA) | |
| Koha item type | Books |
| 653 ## - INDEX TERM--UNCONTROLLED | |
| Uncontrolled term | Linguistics |
| Withdrawn status | Lost status | Damaged status | Not for loan | Home library | Current library | Shelving location | Date acquired | Total Checkouts | Full call number | Barcode | Date last seen | Date last checked out | Copy number | Price effective from | Koha item type | Date due |
|---|---|---|---|---|---|---|---|---|---|---|---|---|---|---|---|---|
| Central Library, Naharkatiya College | Central Library, Naharkatiya College | General Stacks | 19/09/2020 | 16 | 410Assamese language | BOR | 28262 | 20/03/2025 | 03/03/2025 | 1 | 19/09/2020 | Books | |||||
| Central Library, Naharkatiya College | Central Library, Naharkatiya College | General Stacks | 19/09/2020 | 15 | 410Assamese language | BOR | 28263 | 02/02/2026 | 20/01/2026 | 2 | 19/09/2020 | Books | |||||
| Central Library, Naharkatiya College | Central Library, Naharkatiya College | General Stacks | 19/09/2020 | 21 | 410Assamese language | BOR | 28264 | 17/01/2026 | 24/12/2025 | 3 | 19/09/2020 | Books | |||||
| Central Library, Naharkatiya College | Central Library, Naharkatiya College | General Stacks | 19/09/2020 | 20 | 410Assamese language | BOR | 28265 | 25/03/2026 | 02/02/2026 | 4 | 19/09/2020 | Books | |||||
| Central Library, Naharkatiya College | Central Library, Naharkatiya College | General Stacks | 19/09/2020 | 15 | 410Assamese language | BOR | 28266 | 02/05/2026 | 02/05/2026 | 5 | 19/09/2020 | Books | 20/05/2026 |
